Statistics for Spain's Highest Mountains on a Map

Click here to take the quiz!

General Stats

  • This quiz has been taken 29 times
  • The average score is 4 of 8

Answers on the Map

Answers color-coded by a green-red scale on the quiz's map according to % correct below.
 

Answer Stats

ElevationMountain RangePeak% Correct
3,718 m
12,198 ft
Isolated peakTeide
93%
3,404 m
11,168 ft
PyreneesAneto
85%
3,479 m
11,413 ft
Sierra NevadaMulhacén
81%
3,355 m
11,007 ft
PyreneesMonte Perdido
41%
3,398 m
11,148 ft
Sierra NevadaVeleta
33%
3,375 m
11,073 ft
PyreneesPico Posets
26%
3,371 m
11,060 ft
Sierra NevadaAlcazaba
7%
3,328 m
10,919 ft
PyreneesCilindro de Marboré
7%

Score Distribution

Percentile by Number Answered

Percent of People with Each Score

Your Score History

You have not taken this quiz